Odpowiedź to cyfra - whammies - Statystyki

Ogólne statystyki
  • Ten quiz został rozwiązany 10 353 razy
  • Średni wynik to 8 z 28
Statystyki odpowiedzi
Pytanie Cyfra % Poprawnych
Kraje wchodzące w skład Wielkiej Brytanii 4
93%
Liczba stolic RPA 3
79%
Liczba planet Układu Słonecznego 8
74%
Okręgi na fladze olimpijskiej 5
66%
Liczba cudów świata 7
64%
"Ocho" po hiszpańsku, "Acht" po niemiecku 8
38%
Liczba ścian bryły, której wszystkie ściany są identycznymi kwadratami 6
35%
Państwa na literę Z 3
33%
Element neutralny dodawania 0
30%
Liczba państw na literę O 1
28%
Liczba ćwiartek tworzących jedność 4
27%
III + VI 9
25%
Liczba państw graniczących z Polską 7
23%
Miasta zniszczone przez bombę atomową 2
22%
4 2
19%
Liczba osób tworzących kwartet 4
18%
Liczba państw kończących się na -stan 7
18%
Liczba grzechów głównych 7
18%
Naturalni satelici Ziemi 1
17%
pH wody 7
16%
Państwa graniczące z Haiti 1
14%
Państwa leżące w Pirenejach 3
14%
Kolory flagi Australii 3
13%
Liczba Wielkich Jezior w Ameryce Północnej 5
13%
Liczba państw zaczynających się na Y 0
12%
Liczba pionków tego samego koloru w szachach 8
10%
Liczba żon Henryka VIII 6
8%
Liczba afrykańskich państw leżących w całości na wyspach 6
5%
Nie znaleziono quizów pasujących do podanych kryteriów
Rozkład punktacji
Procent ludzi z każdym wynikiem
Percentyl według liczby udzielonych odpowiedzi
Twoja historia wyników
Nie rozwiązałeś tego quizu